Play ball! (Record no. 112988)

MARC details
000 -LÍDER
campo de controle de tamanho fixo 00590 a2200253 4500
001 - NÚMERO DE CONTROLE
campo de controle 112988
020 ## - ISBN - INTERNATIONAL STANDARD BOOK NUMBER
ISBN - International Standard Book Number 9780062110664
041 ## - CÓDIGO DE IDIOMA
Código do idioma do texto/trilha sonora ou título diferente por
090 ## - NÚMERO DE CHAMADA LOCAL
Número de chamada (OCLC) (R); Número de chamada, CALL (RLIN) (NR) Toddler [E]
092 ## - CLASSIFICAÇÃO DE DEWEY ATRIBUÍDA LOCALMENTE (OCLC)
Número de Classificação 2012938598
040 ## - FONTE DA CATALOGAÇÃO
Instituição da catalogação original BR-BrIDEA
Instituição que transcreveu o registro BR-BrIDEA
100 ## - ENTRADA PRINCIPAL--NOME PESSOAL
Nome pessoal Litwin, Eric.
250 ## - EDIÇÃO
Edição 1st ed.
245 10 - TÍTULO
Título Play ball!
Indicação de responsabilidade, etc. Eric Litwin
260 ## - PUBLICAÇÃO, DISTRIBUIÇÃO, ETC.
Local de publicação, distribuição, etc. [S.l.]
Nome do editor, distribuidor, etc. Harper
Data da publicação, distribuição, etc. 2013
300 ## - DESCRIÇÃO FÍSICA
Extensão 31 p.
490 ## - TÍTULO DA SÉRIE
Título da série Pete the cat
697 ## - ENTRADA DE ASSUNTO LOCAL--ENTIDADE COLETIVA (RLIN)
Nome corporativo ou nome da jurisdição Readers (Elementary)
697 ## - ENTRADA DE ASSUNTO LOCAL--ENTIDADE COLETIVA (RLIN)
Nome corporativo ou nome da jurisdição Cats - Fiction.
697 ## - ENTRADA DE ASSUNTO LOCAL--ENTIDADE COLETIVA (RLIN)
Nome corporativo ou nome da jurisdição Baseball - Fiction.
830 ## - ENTRADA SECUNDÁRIA DE SÉRIE--TÍTULO UNIFORME
Título uniforme Pete the cat
856 ## - LOCALIZAÇÃO ELETRÔNICA E ACESSO
Uniform Resource Identifier <a href="000007/000007e8.jpg">000007/000007e8.jpg</a>
942 ## - ELEMENTOS DE ENTRADA ADICIONADOS (KOHA)
Tipo de material Koha Livros
Holdings
Situação do descarte Situação das perdas Fonte da classificação ou esquema de arquivamento na estante Situação física Não pode ser emprestado Biblioteca de origem Biblioteca atual Data de aquisição Total de empréstimos Código de barras Data de último acesso Data do último empréstimo Data do preço efetivo Tipo de material Koha Número de chamada completo
          Canadian School of Niterói - Piratininga Canadian School of Niterói - Piratininga 09/02/2024   A21040 09/02/2024   09/02/2024 Livros DEA - P2
          Canadian School of Niterói - Piratininga Canadian School of Niterói - Piratininga 09/02/2024   A07426 09/02/2024   09/02/2024 Livros DEA - P2
    Classificação Decimal de Dewey     ECB - SUDOESTE ECB - SUDOESTE 17/12/2015 1 00021825SSW 04/03/2024 16/02/2024 23/01/2024 Livros  
    Classificação Decimal de Dewey     ECB - SUDOESTE ECB - SUDOESTE 17/12/2015   00021826SSW 23/01/2024   23/01/2024 Livros  
    Classificação Decimal de Dewey     ECB - SUDOESTE ECB - SUDOESTE 17/12/2015   00021827SSW 23/01/2024   23/01/2024 Livros